Linie ZKM Gdynia - nagła śmierć - Statystyki

Ogólne statystyki
  • Ten quiz został rozwiązany 279 razy
  • Średni wynik to 11 z 28
Answers on the Grid
Answers color-coded by a green-red scale on the quiz's grid according to % correct below.
21
22
25
28
31
33
102
105
109
114
128
134
84
87
173
141
147
150
160
163
171
181
182
191
197
204
252
288
100
107
118
123
130
139
151
161
19
183
172
188
195
35
202
210
 
Statystyki odpowiedzi
Odpowiedź % Poprawnych
21
55%
22
53%
147
51%
31
51%
33
50%
28
47%
25
46%
105
45%
141
44%
128
42%
182
41%
197
41%
102
40%
109
40%
150
38%
171
37%
181
37%
204
32%
252
32%
134
31%
160
31%
191
31%
163
29%
173
29%
288
28%
114
26%
87
23%
84
21%
Nie znaleziono quizów pasujących do podanych kryteriów
Rozkład punktacji
Procent ludzi z każdym wynikiem
Percentyl według liczby udzielonych odpowiedzi
Twoja historia wyników
Nie rozwiązałeś tego quizu